000 00750nam a2200229Ii 4500
003 JO-AjNU
008 230605s9999||||xx |||||||||||||| ||und||
017 _a2010/5/1602
020 _a978-9957-22-3007
040 _aJO-AjNU
_bara
_erda
_cJO-AjNU
041 _aara
050 1 4 _aLB3051.A2377 2010
100 3 _aعبد الرحمن، أحمد محمد,
_eauthor
_942513
245 0 0 _aتصميم الإختبارات أسس نظرية وتطبيقات عملية
250 _aط1
264 3 1 _aعمان:دار أسامة،2011
300 _a240ص
336 _atext
_btxt
_2rdacontent
337 _aunmediated
_bn
_2rdamedia
338 _avolume
_bnc
_2rdacarrier
650 4 _aالإختبارات و المقاييس التربوية
_942514
999 _aA18209
_c21777
_d21777